Introdución a la etnomusicología : (Record no. 4416)

000 -CABECERA
fixed length control field 00773nam a22002057a 4500
003 - IDENTIFICADOR DEL NÚMERO DE CONTROL
control field AR-CdUCM
008 - DATOS DE LONGITUD FIJA--INFORMACIÓN GENERAL
fixed length control field 190308b ||||| |||| 00| 0 spa d
040 ## - FUENTE DE LA CATALOGACIÓN
Agencia/entidad que catalogó originalmente la obra MUNICIPALIDAD PROVINCIAL DEL CUSCO
Entidad que transcribió la catalogación BIBLIOTECA MUNICIPAL DEL CUSCO
082 ## - NÚMERO DE LA CLASIFICACIÓN DECIMAL DEWEY
No. de Clasificación 780.985 /
Notacion interna H71
100 ## - ENTRADA PRINCIPAL--NOMBRE DE PERSONA
Nombre Personal Holzmann, Rodolfo
245 ## - MENCIÓN DE TÍTULO
Título Introdución a la etnomusicología :
Resto del título teoría y práctica /
260 ## - PUBLICACIÓN, DISTRIBUCIÓN, ETC.
Lugar de publicación, distribución, etc. Lima :
Nombre de la editorial, distribuidor, etc. Industrial Gráfica,
Fecha de publicación, distribución, etc. 1987.
300 ## - DESCRIPCIÓN FÍSICA
Nº de Páginas Extensión 133 páginas ;
Dimensiones 20 cm.
505 ## - NOTA DE CONTENIDO CON FORMATO
Nota de contenido formateada Historia precursores y antecedentes -- Deslindes disciplinarios y definiciones -- La etnomúsica -- Tradición musical y aculturación...
650 ## - PUNTO DE ACCESO ADICIONAL DE MATERIA--TÉRMINO DE MATERIA
Descriptor Etnomúsica.
9 (RLIN) 13923
650 ## - PUNTO DE ACCESO ADICIONAL DE MATERIA--TÉRMINO DE MATERIA
Descriptor Tradición musical.
9 (RLIN) 13924
650 ## - PUNTO DE ACCESO ADICIONAL DE MATERIA--TÉRMINO DE MATERIA
Descriptor Música.
9 (RLIN) 1443
942 ## - ELEMENTOS DE PUNTO DE ACCESO ADICIONAL (KOHA)
Fuente de clasificación
Tipo de item Libros-BMC
945 ## - PROCESAMIENTO DE INFORMACIÓN LOCAL (OCLC)
Catalogador wfj
AAAA-MM-DD - Fecha de ingreso o modificacion 2019-03-08
Holdings
Estado de retiro (separado) Fuente de clasificación o esquema de estanterías Estado dañado Ubicación Sala donde se ubica Nombre de la colección Fecha de adquisición o compra Costo, precio normal en soles Signatura topográfica Código de Barras Última vez visto (Koha) Tipo de ítem (Koha)
No     Sala Artes Sala Artes Book Cart 2019-03-08 30.00 780.985 / H71 SA0000000226 2019-03-08 Libros-BMC

Powered by Koha